000 00646nam a2200229 a 4500
001 13790
003 BD-JhCC
005 20240322105901.0
008 240322b 2023b |||| ||a| 000 0 b d
020 _a9789849687627
035 _a(BD-JhCC)13790
040 _aBD-JhCC
_dBD-JhCC
041 _aben
082 _a891.443
_bHAB 2023
100 _a হাবীব, আহসান
245 _aটিউশন মাস্টার /
_b আহসান হাবীব
260 _aঢাকা:
_bকথাপ্রকাশ;
_c2023.
300 _a48 p. :
_c22 cm.
650 _aউপন্যাস
942 _2ddc
_cBK
999 _c13790
_d13790